| 000 | 02246nam0a2200421 i 4500 | ||
|---|---|---|---|
| 001 | RU\NLR\BIBL_A\011496740 | ||
| 005 | 20260406075805.0 | ||
| 010 |
_a9785720513979 _91500 |
||
| 021 |
_aRU _b2017-71441 _95081 |
||
| 035 | _a(RuMoRGB)009399453 | ||
| 035 | _a(NLR Aleph) 011496740 | ||
| 090 |
_a11975662 _c11975662 |
||
| 100 | _a20171016d2018 km y0rusy50 ca | ||
| 101 | 0 |
_arus _deng |
|
| 102 | _aRU | ||
| 105 | _ay|||z|||000zy | ||
| 200 | 1 |
_aПрактическое руководство для юрисконсульта _dPractical guide for a legal adviser _e[правоприменительная практика, вопросы и ответы, судебные споры, рекомендации] _fЕ. А. Семенова _zeng |
|
| 210 |
_aМосква _cЮстицинформ _d2018 _d[т.е. 2017] |
||
| 215 |
_a351 с. _cтабл. _d21 |
||
| 300 | _aАвт. также на англ. яз.: E.A. Semenova | ||
| 300 | _aФактическая дата выхода в свет - 2017 г. | ||
| 300 | _aРез. англ. | ||
| 510 | 1 |
_6z73790 _aPractical guide for a legal adviser _zeng |
|
| 606 | 1 |
_aЮрисконсульты _jПрактические пособия _xОрганизация работы _yРоссийская Федерация _92345951 _3RU\NLR\AUTH\6601625143 |
|
| 606 | 1 |
_aОбязательственное право _jПрактические пособия _yРоссийская Федерация _92084938 _3RU\NLR\AUTH\661261037 |
|
| 606 | 1 |
_aТрудовое право _jПрактические пособия _yРоссийская Федерация _92071166 _3RU\NLR\AUTH\661245915 |
|
| 686 |
_aХ621.164.044,07 _2rubbk |
||
| 686 |
_aХ623.2,07 _2rubbk |
||
| 686 |
_aХ627,0 _2rubbk |
||
| 686 | 1 | _aХ629.081.9я7 | |
| 686 | 1 | _aХ623.2я7 | |
| 686 | 1 | _aХ627я7 | |
| 700 | 1 |
_8rus _7ca _aСеменова _bЕ. А. _cюрист, правоприменительная практика _gЕлена Александровна _3RU\NLR\AUTH\77121429 _9104354 |
|
| 790 | 1 |
_8rus _7ba _aSemenova _bE. A. _cюрист, правоприменительная практика _gElena Aleksandrovna _3RU\NLR\AUTH\770181140 _9181089 |
|
| 942 | _cBOOK | ||
| 980 | _aNBR | ||